[Event "FIDE Zone 3.4 Women-ch 2017"]
[Site "Tashkent"]
[Date "2017.06.23"]
[Round "8"]
[White "Nadirjanova, Nodira"]
[Black "Tokhirjonova, Gulrukhbegim"]
[Result "0-1"]
[WhiteElo "2104"]
[BlackElo "2293"]
[Annotator "TA"]
[PlyCount "116"]
[EventDate "2017.??.??"]
[EventType "tourn"]
[EventCountry "UZB"]
[SourceTitle "playchess.com"]
[Source "ChessBase"]
[SourceQuality "1"]

{[%evp 9,116,3,6,-8,-5,-2,-4,-14,-16,-16,-8,-4,-6,-8,0,0,4,-4,3,0,0,0,16,16,20,14,4,10,26,12,24,5,19,0,0,0,0,-7,-5,-11,0,-15,1,-25,-19,-29,-20,-13,-6,-22,0,0,0,0,29,0,0,0,17,10,6,-13,0,0,0,-12,-10,-50,-69,-84,-81,-79,-54,-441,-445,-480,-454,-566,-558,-552,-471,-467,-469,-452,-457,-485,-458,-517,-550,-513,-507,-588,-573,-652,-715,-679,-640,-631,-611,-666,-656,-722,-721,-705,-705,-795,-787,-765,-760]} 1. Nf3 d5 2. b3 Bf5 3. Bb2 Nd7 (3... e6 4. d3 Nf6 5. Nh4 Bg4 6. h3 Bh5 7. g4 Nfd7 8. Ng2 Bg6 9. Nf4 c6 10. e3 Bb4+ 11. Nd2 e5 12. Nxg6 hxg6 {½-½ (45) Anton Guijarro,D (2679)-Rodshtein,M (2701) Poikovsky 2017}) 4. e3 Ngf6 5. Be2 h6 6. d3 {A06: Réti Opening:1 Nf3 d5} e6 7. Nbd2 Be7 8. O-O {The position is equal.} O-O 9. Re1 Bh7 10. c4 $146 ({Predecessor:} 10. Bf1 Nc5 {0-1 (58) Arribas Lopez,A (2494)-Candela Perez,J (2393) Madrid 2013}) 10... a5 11. a3 c5 12. Ra2 Qc7 13. Qa1 Bd6 14. cxd5 exd5 15. d4 Rfd8 16. dxc5 Bxc5 17. Ne5 Bf8 18. Bd3 Ne4 19. Nxd7 Qxd7 20. Bd4 Qe6 21. Qb1 Bg6 22. Nf1 Rac8 23. Qa1 Nc5 24. Bxg6 Qxg6 25. Bxc5 Rxc5 26. Rd1 Qb6 27. Rd3 Rdc8 28. Qd4 Qa6 29. g3 Be7 {Threatens to win with ...Bf6.} (29... g6 $5 {[%cal Rf8g7]} 30. Rad2 Qe6 $15) 30. Rad2 Bf6 31. Qg4 Qe6 32. h3 R8c6 33. Kg2 b5 34. Qf3 {[%cal Rd3d5]} Rc3 35. a4 bxa4 36. bxa4 R3c4 37. Qd1 Bc3 38. Rc2 Bb4 39. Ra2 Rc1 $36 {[%cal Bc4c1,Bc1f1,Bf1h1][%mdl 2080] Keeping White busy.} 40. Qf3 d4 41. Re2 $2 {[%mdl 8192] [#]} (41. Rb2 $15) 41... Rxf1 $1 $19 {[%mdl 512] Black is clearly winning.} 42. exd4 (42. Kxf1 Qxh3+) 42... Qd7 43. d5 Rcc1 44. Qe4 Rh1 45. Qe8+ Qxe8 46. Rxe8+ Kh7 47. Kf3 Rhd1 48. Ree3 Bc5 49. Rxd1 Rxd1 {[%mdl 4096] Endgame KRB-KR} 50. Re5 f6 51. Rf5 Kg6 52. g4 Kf7 53. d6 Bb4 54. Rb5 Rxd6 55. Rb7+ Kg6 56. h4 Rd2 57. h5+ Kh7 58. Ke3 Ra2 {Precision: White = 37%, Black = 68%.} 0-1

[Event "FIDE Zone 3.4 Women-ch 2017"]
[Site "Tashkent"]
[Date "2017.06.24"]
[Round "9"]
[White "Tokhirjonova, Gulrukhbegim"]
[Black "Serikbay, Assel"]
[Result "1/2-1/2"]
[WhiteElo "2293"]
[BlackElo "2168"]
[Annotator "TA"]
[PlyCount "117"]
[EventDate "2017.??.??"]
[EventType "tourn"]
[EventCountry "UZB"]
[SourceTitle "playchess.com"]
[Source "ChessBase"]
[SourceQuality "1"]

{[%evp 17,117,17,106,79,85,72,185,190,237,193,188,198,163,64,98,76,140,111,229,215,228,45,50,31,154,-6,-6,-141,-130,-193,-121,-614,-571,-502,0,0,0,-5,-5,0,8,5,19,-14,-18,-13,0,-9,0,0,27,0,29,0,34,-12,0,-4,-4,-25,0,0,32,1,1,0,0,7,8,5,20,-6,-6,-8,-2,-57,-46,-67,0,0,0,0,0,0,0,0,0,0,2,0,0,0,0,0,3,0,8,8,8,8,8,8]} 1. e4 c5 2. Nf3 Nc6 3. d4 cxd4 4. Nxd4 Nf6 5. Nc3 e6 6. Nxc6 bxc6 7. e5 Nd5 8. Ne4 Qc7 9. f4 Be7 (9... Qb6 $11 {remains equal.}) 10. c4 $16 {B45: Sicilian Four Knights} Bb4+ (10... Nb6 11. Bd3 Bb7 12. c5 Nd5 13. O-O a5 14. Nd6+ Bxd6 15. exd6 Qd8 16. f5 e5 17. f6 gxf6 18. Qg4 Ne7 19. Qg7 Rg8 20. Qxf6 {1-0 (20) Womacka,M (2452)-Azimov,S (2182) Chemnitz 2009}) 11. Ke2 Ba6 (11... Nb6 $16) 12. Kf3 $1 $18 {White is clearly better.} Bb7 13. cxd5 cxd5 14. Nf2 O-O $146 ({Predecessor:} 14... d4+ 15. Kg3 g5 16. fxg5 Qxe5+ 17. Bf4 {1-0 (25) Drygalov,S (1895)-Thilakarathne,G (1659) Iasi 2012}) 15. Bd3 (15. Nd3 $18 Be7 16. Kg3) 15... f6 16. exf6 Rxf6 (16... e5 $142) 17. Qc2 Qd6 (17... Qxc2 $16 18. Bxc2 Rc8) 18. Ng4 $1 {aiming for a3.} Rff8 19. Bxh7+ $2 ({White should try} 19. Kg3 $18) 19... Kh8 $14 20. Kg3 Rac8 21. Qg6 $2 (21. Qd3 $1 $16) 21... Rf5 $1 $11 {White should prevent ...Rxc1.} 22. Ne5 {[#]} (22. Nh6 $1 $11 gxh6 23. Qxh6) 22... Rcf8 $1 $17 23. h4 (23. a3 $17 Bc5 24. h3) 23... R8f6 $19 {Threatens to win with ...Rxe5.} 24. Qe8+ $2 {[%mdl 8192]} (24. a3 $17 Bc5 25. Qg4 Kxh7 26. Rf1) 24... Kxh7 25. Qxd7 {[#]} Qxd7 $2 ({Better is} 25... Qb8 $1 $19 26. Nf3 Rxf4 27. Ng5+ (27. Bxf4 $2 Qxf4+ 28. Kh3 Bd6 $19) 27... Kg8) 26. Nxd7 $11 Rg6+ 27. Kh3 {Strongly threatening g4.} d4 28. Rg1 Rd5 $132 {[%mdl 2048] Black is not keeping still} 29. Ne5 {Hoping for a3.} Rf6 30. a3 Bd6 31. Nd3 a5 32. g3 Rb5 {[#]} 33. b4 $1 {[%mdl 512]} Be4 (33... axb4 34. axb4) 34. Nf2 Bc2 35. bxa5 (35. Ra2 $5 {[%cal Ra2c2]} Bg6 36. Kg2 $15) 35... Rxa5 36. Bb2 Rd5 37. Rac1 Bf5+ 38. Kg2 Rf8 39. Rgd1 d3 40. Rd2 Rb8 41. Rcd1 Rb3 42. Kf3 Bc7 43. g4 Bg6 44. Bc1 (44. Be5 $5 Bxe5 45. fxe5 $11) 44... Rd4 45. h5 $1 {[%cal Rh5g6]} Rxf4+ 46. Ke3 (46. Kg2 $11 Be8 47. Rxd3 Rxd3 48. Rxd3 Bc6+ 49. Kf1) 46... Be8 $15 {...e5 is the strong threat.} 47. Rxd3 Rxd3+ (47... Rb7 $15 48. Ke2 Rc4) 48. Rxd3 $11 {The position is equal.} Rc4 {White must now prevent ...Bf4+.} 49. Bd2 $1 Bb6+ 50. Kf3 Bc6+ 51. Kg3 Bxf2+ 52. Kxf2 {And now Rd6 would win.} Rxg4 {[%mdl 4096] Endgame KRB-KRB} 53. Rg3 Rh4 54. Bc3 Rxh5 55. Rxg7+ Kh6 56. Rc7 Bd5 57. a4 {[%cal Ba3a4,Ba4a5][%mdl 32]} Rh4 58. a5 Rc4 59. Rxc4 {Precision: White = 39%, Black = 52%.} 1/2-1/2

[Event "FIDE Zone 3.4 Women-ch 2017"]
[Site "Tashkent"]
[Date "2017.06.24"]
[Round "9"]
[White "Kurbonboeva, Sarvinoz"]
[Black "Nadirjanova, Nodira"]
[Result "0-1"]
[WhiteElo "2209"]
[BlackElo "2104"]
[Annotator "TA"]
[PlyCount "140"]
[EventDate "2017.??.??"]
[EventType "tourn"]
[EventCountry "UZB"]
[SourceTitle "playchess.com"]
[Source "ChessBase"]
[SourceQuality "1"]

{[%evp 12,140,61,50,58,42,53,7,40,39,38,32,44,34,57,22,25,23,25,2,10,11,3,0,14,0,0,-6,13,-8,-8,-8,-8,-8,-8,-4,-7,-5,-5,-3,-5,-35,0,0,0,0,0,-11,0,-68,-58,-96,-95,-151,-147,-172,-172,-161,-157,-173,-135,-139,-141,-135,-136,-123,-141,-211,-194,-230,-230,-230,-230,-229,-225,-222,-200,-202,-200,-240,-236,-215,-213,-224,-217,-424,-390,-648,-606,-531,-263,-242,-214,-1302,-1258,-29965,-12841,-29958,-29971,-29952,-29961,-2695,-1133,-1103,-1103,-902,-863,-703,-652,-1241,-1234,-29964,-11032,-29964,-8537,-29957,-12555,-29969,-8956,-6087,-29955,-29966,-29967,-29966,-29955,-11613,-7128,-6617,-6107,-5764,-5371]} 1. d4 d5 2. c4 c6 3. Nc3 Nf6 4. e3 a6 5. Bd3 b5 6. b3 Bg4 7. Nge2 Bh5 {D10: Slav Defence: 3 cxd5 (without early Nf3) and 3 Nc3} 8. Qc2 Bg6 9. e4 (9. Nf4 Bxd3 10. Nxd3 e6 11. O-O Nbd7 12. c5 a5 13. b4 a4 {½-½ (63) Mamedyarov,S (2757)-Morozevich,A (2724) Sochi 2014}) 9... dxe4 {The position is equal.} 10. Nxe4 Nxe4 $146 ({Predecessor:} 10... Nbd7 11. Nxf6+ Nxf6 12. Bxg6 hxg6 13. cxb5 Qa5+ 14. Bd2 Qxb5 15. O-O e6 16. a4 Bd6 17. axb5 {½-½ (17) Najer,E (2500)-Burmakin,V (2550) St Petersburg 1998}) 11. Bxe4 e6 12. O-O Bd6 13. g3 (13. Nf4 {with more complications.} bxc4 14. Nxg6 hxg6 15. g3 cxb3 16. axb3 Kf8 17. Bd2) 13... O-O 14. Rd1 Nd7 15. Bf4 Nf6 16. Bxg6 hxg6 17. Bg5 Rc8 {[%cal Ba8c8,Bc8c7,Bc7d7][%mdl 32]} 18. Nc3 Be7 19. Rac1 Rc7 20. Rd2 Rd7 21. Rcd1 Bb4 22. Rd3 Bxc3 23. Qxc3 Ne4 24. Bxd8 Nxc3 25. Rxc3 {Threatens to win with Ba5.} Rfxd8 $11 {[%mdl 4096] Endgame KRR-KRR} 26. Rcd3 c5 27. d5 exd5 28. cxd5 Rd6 29. Kg2 Kf8 30. Kf3 (30. h4 $11) 30... Ke7 $15 31. Ke3 g5 32. Ke4 {[#]} (32. R1d2 $142) 32... Rf6 $1 $17 33. f4 gxf4 34. gxf4 Kd6 35. Rg3 Re8+ 36. Kf3 g6 37. Rg5 Rh8 {...Rh4 is the strong threat.} 38. Kg3 Rh5 39. h4 (39. Rxh5 $17 {is a better defense.} gxh5 40. Kf3) 39... Rf5 $19 40. Kg4 Rhxg5+ 41. fxg5 Rxd5 {KR-KR} 42. Rf1 Rd4+ 43. Kg3 Ke7 44. Re1+ Kf8 45. Re3 {[#]} Rd2 $1 46. a4 b4 {[%cal Bb5b4,Bb4b3,Bb3b2][%mdl 32]} 47. Re5 Rc2 48. Kf3 $2 (48. a5) 48... c4 49. Re4 $2 (49. bxc4 Rxc4 50. Rd5) 49... a5 50. bxc4 Rc3+ (50... b3 $142 51. Re1 Rxc4) 51. Ke2 b3 {( -> ...b2)} 52. Kd2 $2 (52. Re5) 52... b2 53. Re1 Rxc4 54. Rb1 Rxh4 55. Kc3 Rb4 56. Kc2 Rxa4 (56... f6 $142 57. gxf6 g5) 57. Rxb2 Rb4 58. Ra2 Rb5 59. Kd3 Rxg5 60. Ke4 {[#]} a4 $1 61. Kf4 (61. Rxa4 Rg4+) 61... Ra5 62. Ra3 Kg7 (62... g5+ $142 63. Kg4 f6 64. Kf3 Ke7 65. Ke4 f5+ 66. Kd4 f4 67. Ke4 Ke6 68. Kf3 Kf5 69. Kf2 g4 70. Kg2 f3+ 71. Kg3 Ra6 72. Kh2 Kf4 73. Kg1 Rb6 74. Rxa4+ Kg3 75. Ra1 Rb2 76. Rd1 Rg2+ 77. Kf1 Rh2 78. Ke1 Rh1+ 79. Kd2 Rxd1+ 80. Kxd1 Kh2 81. Kd2 g3 82. Ke3 f2 83. Ke2 g2 84. Kxf2 g1=Q+ 85. Ke2 Qd4 86. Kf3 Kg1 87. Kg3 Qe4 88. Kh3 Kf2 89. Kh2 Qh7#) 63. Kg4 Kf6 (63... f5+ $142 64. Kg5 Kf7 65. Kf4 Kf6 66. Ke3 g5 67. Kf3 Ra7 68. Kg3 Ra5 69. Kf3 f4 70. Kg4 Ke6 71. Ra1 a3 72. Ra2 Kf6 73. Kf3 Kf5 74. Kg2 g4 75. Kf2 f3 76. Kg3 Ra8 77. Rc2 a2 78. Rc5+ Ke4 79. Rc4+ Ke3 80. Rc3+ Kd2 81. Rc7 a1=Q 82. Rd7+ Ke3 83. Re7+ Kd4 84. Kf2 Qb2+ 85. Kg3 Qg2+ 86. Kf4 Qh2+ 87. Kg5 Rg8+ 88. Kf5 Qh5+ 89. Kf4 Qg5+ 90. Kg3 Qxe7 91. Kf2 g3+ 92. Kf1 Qe4 93. Kg1 Qe1#) 64. Rf3+ Ke6 (64... Ke5 $142 65. Ra3 Kd4 66. Kf3 Kc4 67. Kf4 Kb4 68. Ra1 a3 69. Ke3 Kb3 70. Kf3 Kb2 71. Rh1 a2 72. Ke3 a1=Q 73. Rxa1 Kxa1 74. Kf4 f5 75. Kg5 Ra4 76. Kxg6 f4 77. Kf5 f3 78. Ke6 f2 79. Ke5 f1=Q 80. Ke6 Qd3 81. Ke5 Re4+ 82. Kf6 Qf3+ 83. Kg6 Rg4+ 84. Kh7 Qh3#) 65. Ra3 g5 66. Re3+ Kf6 67. Rf3+ Kg6 68. Ra3 f5+ {Black is clearly winning.} 69. Kg3 Kf6 70. Kf3 Ke5 {Precision: White = 25%, Black = 77%.} 0-1

[Event "FIDE Zone 3.4 Women-ch 2017"]
[Site "Tashkent"]
[Date "2017.06.24"]
[Round "9"]
[White "Ovezdurdiyeva, Jemal"]
[Black "Saduakassova, Dinara"]
[Result "0-1"]
[WhiteElo "2022"]
[BlackElo "2440"]
[Annotator "TA"]
[PlyCount "68"]
[EventDate "2017.??.??"]
[EventType "tourn"]
[EventCountry "UZB"]
[SourceTitle "playchess.com"]
[Source "ChessBase"]
[SourceQuality "1"]

{[%evp 17,68,0,2,0,12,-16,-4,-2,24,0,12,0,0,-32,-20,-31,-13,-86,-79,-181,-157,-303,-160,-307,-301,-310,-295,-307,-300,-308,-281,-298,-190,-192,-191,-178,-170,-172,-182,-490,-485,-560,-557,-547,-538,-1089,-1057,-12293,-11054,-5800,-5589,-5912,-5895]} 1. d4 Nf6 2. c4 b6 3. Nc3 Bb7 4. e3 g6 5. Nf3 Bg7 6. Be2 O-O 7. O-O e6 8. b3 c5 9. Bb2 Qe7 10. dxc5 {A30: Symmetrical English: Double Fianchetto and Hedgehog} (10. Re1 Rd8 11. Qc2 Nc6 12. Rad1 cxd4 13. exd4 d5 14. Qc1 Rac8 15. Ba3 Qc7 16. c5 bxc5 17. dxc5 Ne4 18. Nxe4 dxe4 {1-0 (41) Granda Zuniga,J (2648)-Iturrizaga Bonelli,E (2658) Mexico City 2016}) 10... bxc5 11. Nb5 {[#] Hoping for Nc7.} d5 12. Be5 {The position is equal.} Ne8 $146 ({Predecessor:} 12... Ne4 13. Rc1 Bxe5 14. Nxe5 Rd8 15. Qc2 Na6 16. Qb2 Nb4 17. Ng4 h5 {½-½ (41) Gerencer,J (2210)-Palkovi,J (2420) Budapest 1995}) 13. Bxg7 Nxg7 14. cxd5 exd5 15. Qc2 Ne6 16. Nc3 d4 17. exd4 (17. Ne4 $11 {remains equal.}) 17... cxd4 $17 18. Nb5 (18. Ne4 $17) 18... Nc6 $36 {[%mdl 2048] And now ...a6 would win. Black is in control.} 19. Rad1 (19. Bc4 $17) 19... Rfd8 (19... Nb4 $19 20. Qc1 Rac8) 20. Bc4 (20. Qb2 $17) 20... a6 21. Bxe6 {[%cal Rb5d4]} axb5 22. Bg4 Nb4 23. Qd2 Rxa2 24. Qf4 Bxf3 25. Bxf3 d3 {[%cal Bd4d3,Bd3e2][%mdl 32]} 26. Rfe1 Qc5 27. Qf6 Rf8 ({But not} 27... Qxf2+ 28. Kh1 $17) 28. Be4 $2 (28. Re3 {is a better chance.}) 28... Re2 {aiming for ...Re8.Black is clearly winning.} 29. Rxe2 dxe2 {[%cal Re2d1]} 30. Re1 Re8 31. Qf3 Nc2 32. Bd5 Qxd5 33. Qxd5 Nxe1 34. Qxb5 {[#]} Nf3+ $1 {[%mdl 512] Precision: White = 18%, Black = 61%.} 0-1